EN CONTACTO INTIMO : (Registro nro. 48783)
[ vista simple ]
| 000 -LEADER | |
|---|---|
| fixed length control field | 00976nam a2200193 a 4500 |
| 001 - CONTROL NUMBER | |
| control field | 48783 |
| 005 - DATE AND TIME OF LATEST TRANSACTION | |
| control field | 20180714033219.0 |
| 008 - FIXED-LENGTH DATA ELEMENTS--GENERAL INFORMATION | |
| fixed length control field | 140415s2000 mx 000 0 spa d |
| 020 ## - INTERNATIONAL STANDARD BOOK NUMBER | |
| International Standard Book Number | 9688606472 |
| 041 ## - LANGUAGE CODE | |
| Language code of text/sound track or separate title | spa |
| 082 ## - DEWEY DECIMAL CLASSIFICATION NUMBER | |
| Classification number | 158.1 |
| Item number | SAT |
| 100 1# - MAIN ENTRY--PERSONAL NAME | |
| Personal name | SATIR, VIRGINIA |
| 245 10 - TITLE STATEMENT | |
| Title | EN CONTACTO INTIMO : |
| Remainder of title | COMO RELACIONARSE CON UNO MISMO Y LOS DEMÁS |
| 250 ## - EDITION STATEMENT | |
| Edition statement | 2a ed. |
| 260 ## - PUBLICATION, DISTRIBUTION, ETC. | |
| Place of publication, distribution, etc. | MEXICO : |
| Name of publisher, distributor, etc. | PAX MEXICO, |
| Date of publication, distribution, etc. | 2000 |
| 300 ## - PHYSICAL DESCRIPTION | |
| Extent | 250 |
| Dimensions | 13.9 x 0.5 x 2.8 |
| 520 ## - SUMMARY, ETC. | |
| Summary, etc. | ESTABLECER CONTACTO CON UNO MISMO Y CON LOS DEMÁS NO ES UN JUEGO QUE CONSISTA EN QUE UNO GANE SU TANTO Y VIVA FELIZ PARA SIEMPRE...ES UNA FORMA DE MANTENER LA INTEGRIDAD Y DE ALIMENTAR LA AUTOESTIMA EN CRECIMIENTO Y, A LA LARGA, DE FORTALECER LAS RELACIONES CONSIGO MISMO Y CON LOS DEMÁS...EN LA MEDIDA EN QUE ESTO SEA FACTIBLE, MAYOR POSIBILIDAD HABRÁ DE SENTIRNOS AMADOS, DE QUE ESTEMOS SANOS Y APRENDAMOS A RESOLVER NUESTROS PROBLEMAS CON MAYOR EFICIENCIA. |
| 650 14 - SUBJECT ADDED ENTRY--TOPICAL TERM | |
| Topical term or geographic name entry element | AUTOESTIMA |
| Withdrawn status | Lost status | Source of classification or shelving scheme | Damaged status | Not for loan | Collection code | Home library | Current library | Shelving location | Date acquired | Source of acquisition | Inventory number | Total Checkouts | Total Renewals | Full call number | Barcode | Date last seen | Date last checked out | Price effective from | Koha item type |
|---|---|---|---|---|---|---|---|---|---|---|---|---|---|---|---|---|---|---|---|
| Dewey Decimal Classification | General | Biblioteca Karol Wojtyla | Biblioteca Karol Wojtyla | Sala general | 03/12/2013 | Compra | 151000000000000000063658 | 1 | 1 | 158.1 SAT | 72826 | 05/01/2026 | 29/01/2019 | 02/06/2014 | Libro |